[Event "chess.com SpeedChess Q1Sw"]
[Site "chess.com INT"]
[Date "2022.11.10"]
[Round "11"]
[White "Pranav, V"]
[Black "Pichot, Alan"]
[Result "1-0"]
[WhiteTitle "IM"]
[BlackTitle "GM"]
[WhiteElo "2548"]
[BlackElo "2637"]
[WhiteFideId "25060783"]
[BlackFideId "110973"]
[EventDate "2022.11.10"]

1. e4 e5 2. Nf3 Nc6 3. Bc4 Bc5 4. c3 Nf6 5. d3 d6 6. Nbd2 O-O 7. O-O a5 8. Re1
h6 9. h3 Be6 10. a4 Ba7 11. Bb5 Ne7 12. d4 Ng6 13. Nf1 exd4 14. cxd4 d5 15. e5
Ne4 16. Ng3 Nh4 17. Nxe4 dxe4 18. Rxe4 Nxf3+ 19. Qxf3 Bd5 20. Bd3 f5 21. exf6
Rxf6 22. Qg4 Bxe4 23. Qxe4 Qxd4 24. Qh7+ Kf7 25. Be3 Qb4 26. Rc1 Rc6 27. Rxc6
bxc6 28. Qf5+ Ke7 29. Qe5+ Kd8 30. Bxa7 Rxa7 31. Qxg7 Kc8 32. Qxh6 Kb7 33. Qf6
Ra8 34. Qc3 Qxa4 35. g3 Rd8 36. Be2 Qb4 37. Qxb4+ axb4 38. b3 Rd2 39. Bc4 Rd4
40. Bg8 c5 41. h4 c4 42. bxc4 b3 43. h5 b2 44. Bh7 Rxc4 45. Kg2 Rc1 46. Be4+ Kb6
47. h6 Rc6 48. h7 Rh6 49. g4 Kc5 50. g5 Rh4 51. Bb1 1-0

[Event "chess.com SpeedChess Q1Sw"]
[Site "chess.com INT"]
[Date "2022.11.10"]
[Round "11"]
[White "Ibarra Jerez, Jose Carlos"]
[Black "Yuan, Qingyu"]
[Result "0-1"]
[WhiteTitle "GM"]
[WhiteElo "2557"]
[BlackElo "2373"]
[WhiteFideId "2226332"]
[BlackFideId "8609772"]
[EventDate "2022.11.10"]

1. Nf3 d5 2. g3 c5 3. Bg2 Nc6 4. d4 Nf6 5. O-O e6 6. c4 dxc4 7. dxc5 Qxd1 8.
Rxd1 Bxc5 9. Nbd2 c3 10. bxc3 O-O 11. Nb3 Be7 12. Nfd4 Nxd4 13. cxd4 Nd5 14. Bd2
f5 15. Rac1 b6 16. f3 Ba3 17. Rc4 Bb7 18. e4 fxe4 19. fxe4 Nf6 20. Re1 Rfc8 21.
Bh3 Re8 22. Rc7 Bxe4 23. Bf4 Bd5 24. Be5 Rec8 25. Rxc8+ Rxc8 26. Bxf6 gxf6 27.
Bxe6+ Bxe6 28. Rxe6 Rc2 29. d5 Kf7 30. Rc6 Rxc6 31. dxc6 Ke7 32. Kg2 Kd6 33. Nd4
a6 34. Kf3 Bb2 35. Nf5+ Kxc6 36. Ke4 Kc5 37. Kd3 Be5 38. h4 b5 39. g4 Kb4 40.
Kc2 Kc4 41. g5 fxg5 42. hxg5 Bf4 43. g6 hxg6 44. Ne7 g5 45. Nf5 g4 46. Nh4 g3
47. Ng2 Bg5 48. Ne1 Be3 49. Ng2 Bf2 50. Nf4 a5 51. Kd2 Kb4 52. Kc2 Ka3 53. Kb1
b4 54. Ng2 a4 55. Nf4 b3 56. axb3 Kxb3 57. Nd3 g2 58. Nc1+ Kc4 59. Ne2 g1=Q+ 60.
Nc1 Be3 61. Ka2 Bxc1 0-1

[Event "chess.com SpeedChess Q1Sw"]
[Site "chess.com INT"]
[Date "2022.11.10"]
[Round "11"]
[White "Petrosyan, Manuel"]
[Black "Boros, Denes"]
[Result "1-0"]
[WhiteTitle "GM"]
[BlackTitle "GM"]
[WhiteElo "2621"]
[BlackElo "2402"]
[WhiteFideId "13300857"]
[BlackFideId "722340"]
[EventDate "2022.11.10"]

1. d4 g6 2. Nf3 f5 3. Nc3 Nf6 4. h4 d5 5. h5 gxh5 6. Bf4 a6 7. e3 Be6 8. Ng5 Qd7
9. Be2 Nc6 10. Bxc7 Bf7 11. Nxf7 Kxf7 12. Bf4 Bg7 13. Bxh5+ Kg8 14. Na4 Rf8 15.
Nc5 Qc8 16. Be2 Ne4 17. Nd3 e6 18. f3 Nf6 19. Nc5 Re8 20. Qd2 h5 21. O-O-O e5
22. dxe5 Nxe5 23. Bxe5 Rxe5 24. Nd3 Re7 25. Nf4 Rd7 26. Bd3 Rd6 27. Ng6 Qc5 28.
Nxh8 Bxh8 29. c3 f4 30. Rhe1 fxe3 31. Qxe3 d4 32. Qe5 Qc6 33. Qg5+ Kf8 34. c4 b5
35. c5 Rd5 36. Qg6 Bg7 37. Kb1 Rxc5 38. Re2 Qc7 39. Rde1 Qf7 40. Qxf7+ Kxf7 41.
Re7+ Kf8 42. Bg6 Bh8 43. Rf7+ Kg8 44. Ra7 Rg5 45. Bf7+ Kh7 46. Bb3+ Kh6 47. Re2
Bg7 48. a3 h4 49. Rxa6 Kh5 50. Rae6 Kh6 51. R6e5 Rg3 52. Re6 Kh7 53. Re7 Kh6 54.
R7e6 Kh7 55. R6e5 Kh6 56. Rxb5 d3 57. Rd2 h3 58. gxh3 Rxf3 59. Rb6 Kh5 60. Rd6
Ne4 61. R2xd3 Rf2 62. R6d5+ Kh4 63. Bc2 Rf1+ 64. Rd1 Rf2 65. R1d4 Bxd4 66. Rxd4
Rf1+ 67. Ka2 Kxh3 68. Rxe4 Rf2 69. Rc4 Kg3 70. Rc3+ 1-0

[Event "chess.com SpeedChess Q1Sw"]
[Site "chess.com INT"]
[Date "2022.11.10"]
[Round "11"]
[White "Swiercz, Dariusz"]
[Black "Harshavardhan, G B"]
[Result "0-1"]
[WhiteTitle "GM"]
[BlackTitle "IM"]
[WhiteElo "2646"]
[BlackElo "2426"]
[WhiteFideId "1126881"]
[BlackFideId "25059009"]
[EventDate "2022.11.10"]

1. e4 e5 2. Nc3 Nf6 3. Bc4 Nxe4 4. Qh5 Nd6 5. Qxe5+ Qe7 6. Qxe7+ Bxe7 7. Be2 O-O
8. Nf3 Re8 9. O-O c6 10. Re1 Bf8 11. d3 Nf5 12. Bf4 d5 13. Bf1 Bd7 14. g3 Na6
15. Bh3 Nh4 16. Bg2 Nxg2 17. Kxg2 g6 18. a3 Bg7 19. Be5 f6 20. Bd6 Kf7 21. b4
Rac8 22. Ne2 Nc7 23. Ned4 Ne6 24. Nxe6 Bxe6 25. a4 Red8 26. Bf4 c5 27. bxc5 Rxc5
28. Nd4 Bc8 29. Re2 Re8 30. Rxe8 Kxe8 31. Bd6 Ra5 32. Re1+ Kd8 33. Be7+ Kd7 34.
Bb4 Rxa4 35. c3 Kd8 36. h4 h5 37. Re7 Bf8 38. Rf7 Bxb4 39. cxb4 Rxb4 40. Nc2 Rb2
41. Ne3 a5 42. Nxd5 a4 43. Rf8+ Kd7 44. Nxf6+ Ke7 45. Rxc8 Kxf6 46. Ra8 b5 47.
Kf3 Ke5 48. Ke3 Kd5 49. f3 Rb3 50. g4 a3 51. Ra6 b4 52. gxh5 gxh5 53. f4 Rb2 54.
f5 Ke5 55. f6 Rb1 56. f7 Rf1 57. Ra5+ Ke6 58. Ra4 Rxf7 59. Rxb4 Ra7 60. Rb1 Kd5
61. Ra1 a2 62. Kf4 Kd4 63. Kg5 Ra5+ 64. Kg6 Kxd3 65. Kh6 Ke4 66. Kg6 Kf4 0-1

[Event "chess.com SpeedChess Q1Sw"]
[Site "chess.com INT"]
[Date "2022.11.10"]
[Round "11"]
[White "Martinez Alcantara, Jose Eduardo"]
[Black "Paravyan, David"]
[Result "0-1"]
[WhiteTitle "GM"]
[BlackTitle "GM"]
[WhiteElo "2597"]
[BlackElo "2586"]
[WhiteFideId "3805662"]
[BlackFideId "4194985"]
[EventDate "2022.11.10"]

1. e4 e5 2. Nf3 Nf6 3. Nxe5 d6 4. Nf3 Nxe4 5. d4 d5 6. Bd3 Bd6 7. O-O O-O 8. Nc3
Nxc3 9. bxc3 Bg4 10. h3 Bh5 11. Rb1 b6 12. Re1 Nd7 13. c4 dxc4 14. Bxc4 h6 15.
Qd3 Qf6 16. Bd2 Bxf3 17. Qxf3 Qxd4 18. Qd3 Qxd3 19. Bxd3 Ne5 20. Ba6 Rad8 21.
Bc3 Rfe8 22. Bb5 c6 23. Ba6 Bc7 24. Kf1 b5 25. Bb7 Rb8 26. Bxe5 Rxb7 27. Bd4
Rxe1+ 28. Rxe1 Bb6 29. Re8+ Kh7 30. Bc3 Rd7 31. Ke2 Rd5 32. g4 h5 33. f3 hxg4
34. hxg4 Bd4 35. Bd2 Re5+ 36. Rxe5 Bxe5 37. Kd3 a6 38. Ke4 Bd6 39. f4 g6 40. f5
Kg8 41. c4 Kf8 42. cxb5 axb5 43. Bg5 Ke8 44. Bf6 Kd7 45. Kd4 Ba3 46. Ke4 Bb4 47.
Bg7 Bd6 48. Bf6 Bg3 49. Bg7 Bh2 50. Bf6 Kd6 51. Bd4 c5 52. Bg7 c4 53. Bf8+ Kc6
54. Be7 Bd6 55. Bf6 Bc5 56. Bg7 b4 57. Bf6 Bf2 58. Be5 Be1 59. Bf6 Kb5 60. Ke3
Ka4 61. Ke2 Bg3 62. Kd1 Ka3 63. Be7 gxf5 64. gxf5 Kxa2 65. Bxb4 Kb2 66. Be7 Be5
67. Bg5 c3 68. Bc1+ Kb1 69. Bg5 f6 70. Bh6 c2+ 71. Ke2 c1=Q 72. Bxc1 Kxc1 73.
Kd3 Kd1 74. Ke3 Ke1 75. Kf3 Kd2 76. Ke4 Ke2 77. Kd5 Kf3 78. Ke6 Ke4 79. Kf7 Kxf5
80. Kg8 Ke4 81. Kf8 f5 82. Ke8 f4 83. Kd8 f3 84. Ke8 f2 85. Kf8 f1=Q+ 86. Kg8
Qf6 87. Kh7 Qg7# 0-1

[Event "chess.com SpeedChess Q1Sw"]
[Site "chess.com INT"]
[Date "2022.11.10"]
[Round "12"]
[White "Svane, Frederik"]
[Black "Harshavardhan, G B"]
[Result "1-0"]
[WhiteTitle "GM"]
[BlackTitle "IM"]
[WhiteElo "2568"]
[BlackElo "2426"]
[WhiteFideId "12923044"]
[BlackFideId "25059009"]
[EventDate "2022.11.10"]

1. e4 e5 2. Nf3 Nc6 3. Nc3 Nf6 4. h3 h6 5. Bc4 Nxe4 6. Nxe4 d5 7. Bd3 dxe4 8.
Bxe4 Bd6 9. O-O O-O 10. Re1 Re8 11. b3 Nd4 12. Nxd4 exd4 13. Bb2 c5 14. Qf3 Rb8
15. c3 Be5 16. Bd5 Bf6 17. cxd4 cxd4 18. Bxd4 Rxe1+ 19. Rxe1 Be6 20. Bxf6 Qxd5
21. Qg3 1-0

[Event "chess.com SpeedChess Q1Sw"]
[Site "chess.com INT"]
[Date "2022.11.10"]
[Round "12"]
[White "Mitrabha, Guha"]
[Black "Salem, A.R. Saleh"]
[Result "0-1"]
[WhiteTitle "GM"]
[BlackTitle "GM"]
[WhiteElo "2474"]
[BlackElo "2677"]
[WhiteFideId "5057000"]
[BlackFideId "9301348"]
[EventDate "2022.11.10"]

1. d4 Nf6 2. Nf3 g6 3. g3 Bg7 4. Bg2 O-O 5. O-O d6 6. c4 Nc6 7. Nc3 e5 8. dxe5
dxe5 9. Bg5 h6 10. Qxd8 Rxd8 11. Bxf6 Bxf6 12. Nd5 Kg7 13. Nxc7 Rb8 14. e4 g5
15. Rfd1 g4 16. Ne1 Nd4 17. Nd5 Be6 18. Bf1 Rbc8 19. Rac1 Bg5 20. Rc3 h5 21. Ng2
f5 22. exf5 Bxf5 23. Nge3 Be4 24. Bg2 Ne2+ 25. Kf1 Nxc3 26. bxc3 Bxg2+ 27. Nxg2
Rxc4 28. Ke2 Re4+ 29. Kf1 Ra4 0-1

[Event "chess.com SpeedChess Q1Sw"]
[Site "chess.com INT"]
[Date "2022.11.10"]
[Round "12"]
[White "Odegov, Artem"]
[Black "Namitbir, Singh Walia"]
[Result "1-0"]
[WhiteTitle "FM"]
[BlackTitle "FM"]
[WhiteElo "2286"]
[BlackElo "2339"]
[WhiteFideId "34183644"]
[BlackFideId "35071068"]
[EventDate "2022.11.10"]

1. d4 Nf6 2. c4 c5 3. d5 d6 4. Nc3 g6 5. Nf3 Bg7 6. e4 O-O 7. Be2 e5 8. dxe6
Bxe6 9. Bf4 Ne8 10. e5 Nc6 11. exd6 Nd4 12. Nxd4 cxd4 13. Nb5 d3 14. Qxd3 Bxb2
15. Rd1 Rc8 16. Qb3 Bg7 17. O-O a6 18. Nc7 Nxc7 19. dxc7 Qf6 20. Bd6 Rfe8 21.
Qxb7 Bd7 22. Bf3 a5 23. Bg3 Ba4 24. Rd6 Qc3 25. Qxc8 Rxc8 26. Rd8+ 1-0

[Event "chess.com SpeedChess Q1Sw"]
[Site "chess.com INT"]
[Date "2022.11.10"]
[Round "12"]
[White "Szente Varga, Fruzsina"]
[Black "Tarnowska, Aleksandra"]
[Result "1-0"]
[WhiteTitle "WFM"]
[BlackTitle "WCM"]
[WhiteElo "2075"]
[BlackElo "1835"]
[WhiteFideId "712264"]
[BlackFideId "1180967"]
[EventDate "2022.11.10"]

1. e4 c5 2. Nf3 e6 3. b3 d6 4. Bb2 Nf6 5. e5 dxe5 6. Nxe5 Be7 7. Bb5+ Bd7 8.
Bxd7+ Nbxd7 9. f4 O-O 10. O-O Rc8 11. Nc3 a6 12. Kh1 b5 13. a4 b4 14. Ne2 Nd5
15. Ng3 N7f6 16. Qe2 Qc7 17. Qxa6 Rfd8 18. Qe2 Qa5 19. d3 Nc3 20. Bxc3 bxc3 21.
f5 exf5 22. Nxf5 Bd6 23. Ng4 Nxg4 24. Qxg4 Be5 25. Ne7+ Kf8 26. Nxc8 Bf6 27.
Rae1 Qc7 28. Ne7 Bxe7 29. Qh5 Bf6 30. Qxh7 Be5 31. Qh8+ Ke7 32. Qxg7 1-0

[Event "chess.com SpeedChess Q1Sw"]
[Site "chess.com INT"]
[Date "2022.11.10"]
[Round "12"]
[White "Omariev, Maksim"]
[Black "Klukin, Kirill"]
[Result "0-1"]
[WhiteTitle "FM"]
[BlackTitle "IM"]
[WhiteElo "2304"]
[BlackElo "2390"]
[WhiteFideId "4193423"]
[BlackFideId "24199273"]
[EventDate "2022.11.10"]

1. b3 Nf6 2. Bb2 e6 3. h3 b6 4. g4 Bb7 5. Nf3 h6 6. Bg2 d6 7. d3 Nbd7 8. e4 c5
9. Nbd2 Qc7 10. Qe2 Be7 11. Rg1 e5 12. Nc4 Nf8 13. O-O-O Ne6 14. Kb1 b5 15. Ne3
a5 16. Nf5 Bf8 17. h4 g6 18. g5 hxg5 19. hxg5 Nh5 20. Ne3 Nhf4 21. Qf1 a4 22.
Ng4 Be7 23. Nfxe5 axb3 24. axb3 dxe5 25. Bxe5 Qa5 26. Bxh8 Nd4 27. Kc1 Qc3 0-1

[Event "chess.com SpeedChess Q1Sw"]
[Site "chess.com INT"]
[Date "2022.11.10"]
[Round "12"]
[White "Dushyant, Sharma"]
[Black "Lewtak, Damian"]
[Result "1-0"]
[WhiteTitle "IM"]
[BlackTitle "IM"]
[WhiteElo "2370"]
[BlackElo "2385"]
[WhiteFideId "25065130"]
[BlackFideId "1141724"]
[EventDate "2022.11.10"]

1. e4 c5 2. Nf3 d6 3. d4 cxd4 4. Nxd4 Nf6 5. Nc3 Nc6 6. f4 g6 7. Nf3 a6 8. Bd3
Bg7 9. a4 O-O 10. O-O Ng4 11. Kh1 e5 12. Qe1 exf4 13. Bxf4 Nge5 14. Rd1 Be6 15.
Qg3 Re8 16. Ng5 h6 17. Nxe6 Rxe6 18. Nd5 Ne7 19. Be2 Nxd5 20. Rxd5 Qb6 21. b3
Rae8 22. Rfd1 Bf8 23. h3 Qc7 24. c4 Nd7 25. Bxd6 Bxd6 26. Rxd6 Nc5 27. Rxe6 Qxg3
28. Rxe8+ Kg7 29. Bf3 Ne6 30. e5 b6 31. Bd5 Nf4 32. Rf1 h5 33. e6 fxe6 34. Re7+
Kh6 35. Be4 Nxh3 36. Rxe6 Nf4 37. Rxf4 Qxf4 38. Rxg6+ 1-0

[Event "chess.com SpeedChess Q1Sw"]
[Site "chess.com INT"]
[Date "2022.11.10"]
[Round "12"]
[White "Bok, Benjamin"]
[Black "Sevian, Samuel"]
[Result "1-0"]
[WhiteTitle "GM"]
[BlackTitle "GM"]
[WhiteElo "2618"]
[BlackElo "2687"]
[WhiteFideId "1017063"]
[BlackFideId "2040506"]
[EventDate "2022.11.10"]

1. d4 Nf6 2. c4 e5 3. dxe5 Ng4 4. Bf4 g5 5. Bg3 Bg7 6. Nf3 Nc6 7. Nc3 Ngxe5 8.
e3 d6 9. h4 g4 10. Nxe5 Nxe5 11. Be2 h5 12. Qd2 Be6 13. b3 Ng6 14. Rd1 f5 15.
Nd5 O-O 16. Nf4 Nxf4 17. Bxf4 b6 18. g3 Qe8 19. O-O a5 20. Rfe1 Rd8 21. Bf1 Bf6
22. Bg2 Kh7 23. e4 Qg6 24. Qc2 Rfe8 25. e5 dxe5 26. Rxd8 Rxd8 27. Bxe5 Rd7 28.
Bf4 Be7 29. Bc6 Rd8 30. Bd5 Bxd5 31. Rxe7+ Bf7 32. Rxc7 Kg8 33. Kh2 Qe6 34. c5
Qe1 35. Rxf7 Rd1 36. Rf8+ Kg7 37. Be5+ Kxf8 38. Qxf5+ Ke7 39. Bd6+ Kd8 40. Qf8+
Kd7 41. Qf7+ Kc6 42. Qc7+ Kd5 43. Qf7+ Kd4 44. Qc4# 1-0

[Event "chess.com SpeedChess Q1Sw"]
[Site "chess.com INT"]
[Date "2022.11.10"]
[Round "12"]
[White "Kamsky, Gata"]
[Black "Chigaev, Maksim"]
[Result "0-1"]
[WhiteTitle "GM"]
[BlackTitle "GM"]
[WhiteElo "2666"]
[BlackElo "2632"]
[WhiteFideId "2000024"]
[BlackFideId "4108116"]
[EventDate "2022.11.10"]

1. e4 c5 2. Nf3 e6 3. c3 d5 4. exd5 Qxd5 5. d4 Nf6 6. Na3 a6 7. Nc4 Nbd7 8. Ne3
Qd6 9. a4 b6 10. Be2 Bb7 11. O-O Be7 12. dxc5 Qxc5 13. Nc4 O-O 14. Be3 Qc7 15.
Qd4 Nd5 16. Bc1 Rac8 17. Qg4 b5 18. axb5 axb5 19. Na5 N7f6 20. Qg3 Bd6 21. Qh4
Ra8 22. Nb3 Rxa1 23. Nxa1 b4 24. cxb4 Bxb4 25. Nb3 Be7 26. Qg3 Qb6 27. Nbd4 Ne4
28. Qe5 Ndf6 29. Qb5 Bc5 30. Qxb6 Bxb6 31. Be3 Nd5 0-1

[Event "chess.com SpeedChess Q1Sw"]
[Site "chess.com INT"]
[Date "2022.11.10"]
[Round "12"]
[White "Naroditsky, Daniel"]
[Black "Sarana, Alexey"]
[Result "0-1"]
[WhiteTitle "GM"]
[BlackTitle "GM"]
[WhiteElo "2617"]
[BlackElo "2668"]
[WhiteFideId "2026961"]
[BlackFideId "24133795"]
[EventDate "2022.11.10"]

1. e4 c5 2. Nf3 d6 3. Bb5+ Bd7 4. c4 Nc6 5. O-O e5 6. Nc3 Be7 7. d3 Nf6 8. a3
O-O 9. Nd5 Nxd5 10. cxd5 Nd4 11. Nxd4 cxd4 12. Bxd7 Qxd7 13. f4 exf4 14. Bxf4
Bf6 15. Qb3 Rfc8 16. Rac1 b6 17. h3 Rc5 18. Rc4 Rxc4 19. Qxc4 Rc8 20. Qa6 Rc5
21. Rc1 Rxc1+ 22. Bxc1 Be5 23. Qc4 h6 24. b4 Kh7 25. Bb2 Qa4 26. Bxd4 Qd1+ 27.
Kf2 Qd2+ 28. Kf3 Qd1+ 29. Kf2 Bh2 30. Qc3 h5 31. Qb2 Bg1+ 32. Kg3 Qxd3+ 0-1

[Event "chess.com SpeedChess Q1Sw"]
[Site "chess.com INT"]
[Date "2022.11.10"]
[Round "12"]
[White "Bluebaum, Matthias"]
[Black "Bartel, Mateusz"]
[Result "1-0"]
[WhiteTitle "GM"]
[BlackTitle "GM"]
[WhiteElo "2651"]
[BlackElo "2627"]
[WhiteFideId "24651516"]
[BlackFideId "1112635"]
[EventDate "2022.11.10"]

1. d4 e6 2. c4 b6 3. a3 Bb7 4. Nc3 Nf6 5. Bf4 g6 6. e3 Bg7 7. Nf3 O-O 8. Bd3 d6
9. h3 Nbd7 10. Bh2 Qe7 11. O-O e5 12. e4 exd4 13. Nxd4 Nc5 14. Re1 Nxd3 15. Qxd3
Rfe8 16. f3 Rad8 17. Rad1 c6 18. Bg3 Nh5 19. Bf2 Nf4 20. Qf1 h5 21. Be3 Qg5 22.
Kh1 Qf6 23. Nde2 Nxe2 24. Rxe2 Qe6 25. Red2 Be5 26. Bd4 Bf4 27. Rc2 d5 28. cxd5
cxd5 29. exd5 Bxd5 30. Re2 Qc6 31. Rxe8+ Qxe8 32. Bxb6 axb6 33. Nxd5 Rxd5 34.
Rxd5 h4 35. Qd1 Qe3 36. Rd3 Qe5 37. Rd8+ Kh7 38. b4 Qe3 39. Rd3 Qf2 40. Qg1 Qe2
41. Rd1 b5 42. Qe1 Qc2 43. Qxh4+ Kg7 44. Qe1 g5 45. Rd5 Qc4 46. Rc5 Qd3 47. Qc3+ 1-0

[Event "chess.com SpeedChess Q1Sw"]
[Site "chess.com INT"]
[Date "2022.11.10"]
[Round "12"]
[White "Martinez Alcantara, Jose Eduardo"]
[Black "Lazavik, Denis"]
[Result "1/2-1/2"]
[WhiteTitle "GM"]
[BlackTitle "IM"]
[WhiteElo "2597"]
[BlackElo "2529"]
[WhiteFideId "3805662"]
[BlackFideId "13515110"]
[EventDate "2022.11.10"]

1. e4 e5 2. Nf3 Nc6 3. Bb5 Nf6 4. O-O Nxe4 5. Re1 Nd6 6. Nxe5 Be7 7. Bf1 Nxe5 8.
Rxe5 O-O 9. d4 Bf6 10. Re1 Re8 11. Rxe8+ Nxe8 12. Bf4 d5 13. c3 c6 14. Nd2 Bf5
15. Qb3 Qb6 16. Qa3 g6 17. Re1 Ng7 18. Nb3 Ne6 19. Bd6 Qd8 20. Nd2 a5 21. h3 h5
22. Be5 Be7 23. Qb3 Qd7 24. a4 Re8 25. Nf3 Be4 26. Nd2 Bf5 27. Qd1 Ng5 28. Bf4
Bd8 29. Rxe8+ Qxe8 30. Nb3 b6 31. Nc1 Ne6 32. Be5 h4 33. Bd3 Bxd3 34. Nxd3 Nf8
35. Kf1 Qe6 36. Qf3 Nd7 37. Bh2 Kg7 38. Bf4 f6 39. Bd2 g5 40. Ne1 Qe4 41. Qd1
Nf8 42. f3 Qe6 43. Nc2 Ng6 44. Ne3 Ne7 45. Qc2 Bc7 46. Qd3 Bf4 47. Ng4 Bd6 48.
Ne3 Bf4 49. Ng4 Bd6 50. Ne3 Bf4 1/2-1/2

[Event "chess.com SpeedChess Q1Sw"]
[Site "chess.com INT"]
[Date "2022.11.10"]
[Round "12"]
[White "Xiong, Jeffery"]
[Black "Vokhidov, Shamsiddin"]
[Result "1-0"]
[WhiteTitle "GM"]
[BlackTitle "GM"]
[WhiteElo "2692"]
[BlackElo "2568"]
[WhiteFideId "2047640"]
[BlackFideId "14204223"]
[EventDate "2022.11.10"]

1. e4 c5 2. Nf3 d6 3. Nc3 Nf6 4. d4 cxd4 5. Qxd4 Nc6 6. Qd3 g6 7. Nd5 Bg7 8. c3
O-O 9. Bg5 Nxd5 10. exd5 Ne5 11. Nxe5 Bxe5 12. Be2 Bf6 13. Be3 Bf5 14. Qd2 Rc8
15. a4 a6 16. O-O h5 17. Rfe1 h4 18. h3 Re8 19. a5 Kg7 20. Ra4 Rh8 21. Bd4 Qd7
22. Rb4 Rc7 23. Bd1 Bxd4 24. Qxd4+ Kg8 25. Qb6 Kg7 26. Re3 Qc8 27. Qd4+ Kg8 28.
Qf4 Qd7 29. Qg5 Kg7 30. Rxh4 f6 31. Qg3 Rxh4 32. Qxh4 Rc5 33. Qd4 Rxa5 34. g4
Bb1 35. b4 Ra2 36. c4 g5 37. c5 dxc5 38. bxc5 e5 39. Qb4 Bg6 40. Bf3 e4 41. Bxe4
Ra4 42. c6 Ra1+ 43. Kg2 bxc6 44. dxc6 Bxe4+ 45. Qxe4 Qc7 46. Rd3 Qe5 47. Rd7+
Kf8 48. Qxe5 1-0

[Event "chess.com SpeedChess Q1Sw"]
[Site "chess.com INT"]
[Date "2022.11.10"]
[Round "12"]
[White "Mikhailov, Viacheslav"]
[Black "Harsh, Suresh"]
[Result "1-0"]
[WhiteTitle "IM"]
[BlackTitle "FM"]
[WhiteElo "2428"]
[BlackElo "2280"]
[WhiteFideId "4187369"]
[BlackFideId "45018464"]
[EventDate "2022.11.10"]

1. Nf3 d5 2. g3 Nf6 3. Bg2 Bf5 4. O-O e6 5. c4 c6 6. d4 h6 7. Nc3 Nbd7 8. Bf4
Be7 9. Qb3 Qb6 10. c5 Qxb3 11. axb3 g5 12. Be3 O-O 13. b4 a6 14. h3 Rfb8 15. Nd2
b6 16. Ra2 Ne8 17. Rfa1 Nc7 18. g4 Bg6 19. f4 f6 20. fxg5 hxg5 21. Bf2 bxc5 22.
bxc5 Rb4 23. e3 e5 24. Bg3 Bd3 25. Nf3 Ne6 26. dxe5 fxe5 27. Nxe5 Nxe5 28. Bxe5
Bxc5 29. Kh1 Bxe3 30. Bd6 Rb6 31. Ra3 Kg7 32. Na4 Bc4 33. Rxe3 1-0

[Event "chess.com SpeedChess Q1Sw"]
[Site "chess.com INT"]
[Date "2022.11.10"]
[Round "12"]
[White "Shimanov, Aleksandr"]
[Black "Deac, Bogdan-Daniel"]
[Result "0-1"]
[WhiteTitle "GM"]
[BlackTitle "GM"]
[WhiteElo "2581"]
[BlackElo "2700"]
[WhiteFideId "4198603"]
[BlackFideId "1226380"]
[EventDate "2022.11.10"]

1. e4 c6 2. d4 d5 3. Nc3 a6 4. Nge2 b5 5. a3 e6 6. g3 Nf6 7. Bg2 Be7 8. O-O O-O
9. Be3 a5 10. e5 Nfd7 11. f4 Nb6 12. b3 Na6 13. g4 b4 14. axb4 axb4 15. Na4 Nxa4
16. Rxa4 f5 17. exf6 Bxf6 18. Qd2 Bd7 19. Rfa1 Qb6 20. Nc1 c5 21. dxc5 Qb7 22.
Ra5 Bxa1 23. Rxa1 Bc6 24. Bd4 Nc7 25. Rxa8 Qxa8 26. Qe3 Qe8 27. Nd3 Nb5 28. Nxb4
Nxd4 29. Qxd4 Ba8 30. Nd3 Bc6 31. Ne5 Bb7 32. b4 Qa4 33. Qd2 Qa1+ 34. Kf2 Qxe5
35. Kg3 Qc7 36. Qd4 g5 0-1

[Event "chess.com SpeedChess Q1Sw"]
[Site "chess.com INT"]
[Date "2022.11.10"]
[Round "12"]
[White "Baskakov, Egor"]
[Black "Goltseva, Ekaterina"]
[Result "1-0"]
[WhiteTitle "CM"]
[BlackTitle "FM"]
[WhiteElo "2215"]
[BlackElo "2265"]
[WhiteFideId "24197866"]
[BlackFideId "24173770"]
[EventDate "2022.11.10"]

1. e4 e5 2. Nc3 Nf6 3. g3 d5 4. exd5 Nxd5 5. Bg2 Nxc3 6. bxc3 Nc6 7. d3 Bc5 8.
Ne2 O-O 9. O-O Bg4 10. h3 Bh5 11. Rb1 Rb8 12. Be3 Bb6 13. Qd2 Qe7 14. Rfe1 Rbd8
15. c4 Ba5 16. Nc3 Qf6 17. Rb5 Bf3 18. Rxa5 Bxg2 19. Bg5 Qf3 20. Re3 Qf5 21.
Kxg2 Qxg5 22. Rd5 f6 23. Rxd8 Rxd8 24. Nd5 Nd4 25. Qa5 Nxc2 26. Re2 Nd4 27. Qxc7
Rf8 28. Rb2 b6 29. Qxa7 Kh8 30. Qd7 Qh5 31. Qg4 Qf7 32. Rxb6 f5 33. Qg5 f4 34.
g4 f3+ 35. Kh2 Qa7 36. Qxe5 Nc6 37. Qd6 Rc8 38. a3 Qa5 39. Rxc6 Rg8 40. Qf4 Qa4
41. Re6 Qd7 42. Re3 g5 43. Qf6+ Rg7 44. Re7 Qxe7 45. Nxe7 h5 46. Nf5 h4 47.
Qxg7# 1-0

[Event "chess.com SpeedChess Q1Sw"]
[Site "chess.com INT"]
[Date "2022.11.10"]
[Round "12"]
[White "Sattarov, Bobir"]
[Black "Samadov, Read"]
[Result "1-0"]
[BlackTitle "FM"]
[WhiteElo "2433"]
[BlackElo "2450"]
[WhiteFideId "14203081"]
[BlackFideId "13417444"]
[EventDate "2022.11.10"]

1. e4 c6 2. c4 d5 3. exd5 cxd5 4. cxd5 Nf6 5. Qa4+ Nbd7 6. Nc3 g6 7. Bc4 Bg7 8.
Nf3 O-O 9. d3 a6 10. Qa3 Nb6 11. Qb3 Nxc4 12. dxc4 e6 13. O-O exd5 14. cxd5 b5
15. Rd1 Bg4 16. Rd3 Nd7 17. Bg5 Qa5 18. Ne4 Rfe8 19. Nfd2 Bf5 20. Re3 Qb6 21.
Rae1 h6 22. Bh4 Bd4 23. R3e2 Rac8 24. h3 a5 25. g4 Bxe4 26. Nxe4 a4 27. Qf3 Kg7
28. Bg3 Ne5 29. Bxe5+ Rxe5 30. Ng3 Rxe2 31. Rxe2 Qd6 32. Rd2 Bb6 33. Kg2 Rc4 34.
b3 axb3 35. axb3 Rf4 36. Qd1 b4 37. Qc2 Qf6 38. Ne4 Qe5 39. f3 f5 40. gxf5 gxf5
41. Ng3 Qe1 42. Rd1 Qe3 43. Qe2 Qxe2+ 44. Nxe2 Rh4 45. d6 Kf7 46. Kg3 Rh5 47. f4
Ke6 48. d7 Bd8 49. Nd4+ Kxd7 50. Nxf5+ Kc7 51. Ng7 Ra5 52. Ne6+ 1-0

[Event "chess.com SpeedChess Q1Sw"]
[Site "chess.com INT"]
[Date "2022.11.10"]
[Round "12"]
[White "Firat, Burak"]
[Black "Predke, Alexandr"]
[Result "0-1"]
[WhiteTitle "GM"]
[BlackTitle "GM"]
[WhiteElo "2460"]
[BlackElo "2684"]
[WhiteFideId "6305881"]
[BlackFideId "24107581"]
[EventDate "2022.11.10"]

1. e4 c5 2. Nf3 e6 3. c3 d5 4. e5 d4 5. cxd4 cxd4 6. Qa4+ Nc6 7. Bb5 Bd7 8. O-O
Nge7 9. Na3 a6 10. Bxc6 Bxc6 11. Qxd4 Bxf3 12. Qxd8+ Rxd8 13. gxf3 Ng6 14. Re1
Bc5 15. Nc2 Rd3 16. b4 Ba7 17. Re4 O-O 18. Ne1 Rd5 19. f4 Nh4 20. Rb1 Rc8 21.
Kf1 h5 22. a4 b5 23. axb5 axb5 24. Ke2 Kh7 25. d3 Nf5 26. Be3 Bd4 27. Rc1 Ra8
28. Rc7 Kg6 29. Nc2 Ra2 30. Kd2 Rd8 31. h3 h4 32. Rc6 Rd7 33. Ke2 Bxe3 34. fxe3
Ng3+ 35. Kf3 Nxe4 36. dxe4 Rd2 37. f5+ Kg5 38. fxe6 fxe6 0-1